LIBRARY ONLINE CATALOGUE

How we became hedonists moral Darwinism / (Record no. 4808)

MARC details
000 -LEADER
fixed length control field 00637nam a22002052 4500
001 - CONTROL NUMBER
control field 0000000584
005 - DATE AND TIME OF LATEST TRANSACTION
control field 20151217151750.0
008 - FIXED-LENGTH DATA ELEMENTS--GENERAL INFORMATION
fixed length control field 070212s xx 000 0 eng d
020 ## - INTERNATIONAL STANDARD BOOK NUMBER
International Standard Book Number 0830826662 :
Terms of availability KES 300
040 ## - CATALOGING SOURCE
Original cataloging agency KABU
Transcribing agency KABU
050 #0 - LIBRARY OF CONGRESS CALL NUMBER
Classification number BR115
Item number .H43W55
100 1# - MAIN ENTRY--PERSONAL NAME
Personal name Wiker, Benjamin.
-- 0000148817
245 10 - TITLE STATEMENT
Title How we became hedonists moral Darwinism /
Statement of responsibility, etc. Benjamin Wiker.
260 ## - PUBLICATION, DISTRIBUTION, ETC. (IMPRINT)
Place of publication, distribution, etc. Downers Grove, Ill. :
Name of publisher, distributor, etc. Inter-Varsity Press,
Date of publication, distribution, etc. 2002.
300 ## - PHYSICAL DESCRIPTION
Extent 327 p.
650 #0 - SUBJECT ADDED ENTRY--TOPICAL TERM
Topical term or geographic name as entry element Hedonism
General subdivision Religious aspects
-- Christianity.
-- 0000148818
908 ## - PUT COMMAND PARAMETER (RLIN)
Put command parameter 070212
950 ## - LOCAL HOLDINGS (RLIN)
-- 1
Holdings
Withdrawn status Lost status Source of classification or shelving scheme Not for loan Home library Current library Date acquired Total Checkouts Total Renewals Full call number Barcode Date last seen Date last checked out Price effective from Koha item type
    Library of Congress Classification   Kabarak, Main Campus Kabarak, Main Campus 17/12/2015 6 3 BR115 .H43W55 000699 05/12/2025 07/03/2025 17/12/2015 General Collection